Reading poetry : (Record no. 22440)

MARC details
000 -LEADER
fixed length control field 02202cam a22003615a 4500
001 - CONTROL NUMBER
control field 013678058
003 - CONTROL NUMBER IDENTIFIER
control field EG-ScBUE
005 - DATE AND TIME OF LATEST TRANSACTION
control field 20200203133111.0
008 - FIXED-LENGTH DATA ELEMENTS--GENERAL INFORMATION
fixed length control field 050325s2007 enk f bd 001 0 eng d
020 ## - INTERNATIONAL STANDARD BOOK NUMBER
International Standard Book Number 9780582894204
040 ## - CATALOGING SOURCE
Original cataloging agency StDuBDS
Language of cataloging eng
Description conventions rda
Transcribing agency StDuBDS
Modifying agency EG-ScBUE
082 04 - DEWEY DECIMAL CLASSIFICATION NUMBER
Classification number 808.1
Item number FUR
Edition number 22
100 1# - MAIN ENTRY--PERSONAL NAME
Personal name Furniss, Tom,
Relator term author.
9 (RLIN) 41300
245 10 - TITLE STATEMENT
Title Reading poetry :
Remainder of title an introduction /
Statement of responsibility, etc Tom Furniss, Michael Bath.
250 ## - EDITION STATEMENT
Edition statement Second edition.
264 #1 - PUBLICATION, DISTRIBUTION, ETC. (IMPRINT)
Place of publication, distribution, etc Milton Park, Abingdon, Oxon ;
-- New York :
Name of publisher, distributor, etc Routledge, Taylor and Francis Group,
Date of publication, distribution, etc 2007.
300 ## - PHYSICAL DESCRIPTION
Extent xviii, 628 pages ;
Dimensions 24 cm
336 ## - CONTENT TYPE
Source rdacontent
Content type term text
Content type code txt
337 ## - MEDIA TYPE
Source rdamedia
Media type term unmediated
Media type code n
338 ## - CARRIER TYPE
Source rdacarrier
Carrier type term volume
Carrier type code nc
500 ## - GENERAL NOTE
General note First published : London: Prentice Hall, 1996.
500 ## - GENERAL NOTE
General note Includes glossary.
504 ## - BIBLIOGRAPHY, ETC. NOTE
Bibliography, etc Includes bibliographical references and index.
505 0# - FORMATTED CONTENTS NOTE
Formatted contents note pt. 1. Formal Introduction : 1. What Is Poetry? How Do We Read It? -- 2. Rhythm and Metre -- 3. Significant Form: Metre and Syntax -- 4. Creative Form and the Arbitrary Nature of Language -- pt. 2. Textual Strategies: 5. Figurative Language -- 6. Poetic Metaphor -- 7. Hearing Voices in Poetic Texts -- 8. Speakers with Attitude: Tone and Irony -- 9. Ambiguity -- pt. 3. Texts in Contexts/Contexts in Texts: 10. Introducing Contexts -- 11. Genre -- 12. The Sonnet -- 13. Allusion, Influence and Intertextuality -- 14. Poetry, Discourse, History 15. The Locations of Poetry -- 16. Post-Colonial Poetry -- pt. 4. : An Open-ended Conclusion: 17. Closure, Pluralism and Undecidability.
520 ## - SUMMARY, ETC.
Summary, etc A guide to the arts of reading, analysing and enjoying poetry. While emphasising the importance of close textual analysis - or reading in slow motion - it demonstrates how an understanding of form, language and context can combine to produce sophisticated and original responses to all types of poetry.
650 #7 - SUBJECT ADDED ENTRY--TOPICAL TERM
Topical term or geographic name as entry element English poetry
General subdivision History and criticism.
Source of heading or term BUEsh
9 (RLIN) 40331
650 #7 - SUBJECT ADDED ENTRY--TOPICAL TERM
Topical term or geographic name as entry element Poetry
General subdivision History and criticism.
Source of heading or term BUEsh
9 (RLIN) 40341
651 ## - SUBJECT ADDED ENTRY--GEOGRAPHIC NAME
Source of heading or term BUEsh
653 ## - INDEX TERM--UNCONTROLLED
Resource For college Humanities: English
Arrived date list October2016
655 ## - INDEX TERM--GENRE/FORM
Form subdivision Reading book
700 1# - ADDED ENTRY--PERSONAL NAME
Personal name Bath, Michael‏,
Relator term author.
9 (RLIN) 41326
942 ## - ADDED ENTRY ELEMENTS (KOHA)
Source of classification or shelving scheme Dewey Decimal Classification
Edition 22
Call number prefix 808.1 FUR
Koha item type Book - Borrowing
Holdings
Withdrawn status Lost status Source of classification or shelving scheme Damaged status Not for loan Collection code Home library Current library Shelving location Date acquired Source of acquisition Cost, normal purchase price Total Checkouts Full call number Barcode Date last seen Koha item type Serial Enumeration / chronology Cost, replacement price
    Dewey Decimal Classification     Baccah Central Library Central Library Second Floor 03/10/2016 Purchase 260.00   808.1 FUR 000033783 15/07/2025 Book - Borrowing    
    Dewey Decimal Classification     Baccah Central Library Central Library Second Floor 03/10/2016 Purchase 260.00   808.1 FUR 000033784 15/07/2025 Book - Borrowing    
    Dewey Decimal Classification     Baccah Central Library Central Library Second Floor 03/10/2016 Purchase 260.00   808.1 FUR 000033785 15/07/2025 Book - Borrowing    
    Dewey Decimal Classification     Baccah Central Library Central Library Second Floor 03/10/2016 Purchase 260.00   808.1 FUR 000033786 15/07/2025 Book - Borrowing    
    Dewey Decimal Classification     Baccah Central Library Central Library Second Floor 03/10/2016 Purchase 260.00   808.1 FUR 000033787 15/07/2025 Book - Borrowing    
    Dewey Decimal Classification     Baccah Central Library Central Library Second Floor 05/10/2016 Purchase 384.00   808.1 FUR 000033473 15/07/2025 Book - Borrowing 26103 480.00